Computer networs and internet (Record no. 5651)

MARC details
000 -LEADER
fixed length control field 00492nam a2200181Ia 4500
003 - CONTROL NUMBER IDENTIFIER
control field SGT
020 ## - INTERNATIONAL STANDARD BOOK NUMBER
International Standard Book Number 9788177589276
082 ## - DEWEY DECIMAL CLASSIFICATION NUMBER
Classification number 4.6
Item number COM
100 ## - MAIN ENTRY--PERSONAL NAME
Personal name Comer,Douglas E
245 ## - TITLE STATEMENT
Title Computer networs and internet
250 ## - EDITION STATEMENT
Edition statement 4th . Ed.
260 ## - PUBLICATION, DISTRIBUTION, ETC. (IMPRINT)
Name of publisher, distributor, etc Pearson
Place of publication, distribution, etc N.Delhi
Year of Publication 2012
300 ## - PAGE DESCRIPTION
No. of Pages 589p.
650 ## - SUBJECT ADDED ENTRY--TOPICAL TERM
Topical term or geographic name as entry element COMPUTER SCIENCE
653 ## - KEYWORDS--INDEX TERM
Keyword term USING AND BUILDING INTERNET APPLICATIONS,PACKET TRANSMISSION,INTERNET WORKING,NETWORK APPLICATIONS,
700 ## - ADDED ENTRY--PERSONAL NAME
Personal name Narayanan,M.S
942 ## - ADDED ENTRY ELEMENTS (KOHA)
Source of classification or shelving scheme Dewey Decimal Classification
Koha item type Books
Holdings
Withdrawn status Lost status Source of classification or shelving scheme Damaged status Not for loan Home library Current library Date acquired SGTU Total Checkouts Full call number Accession No. (Barcode) Date last seen Bill Date Koha item type Shelving location Vendor Name Cost, normal purchase price Bill Number Date last borrowed
    Dewey Decimal Classification     SGT Engineering Library SGT Engineering Library 17/09/2013 SGTU   4.6 COM FE6212 09/02/2015 09/02/2015 Books          
    Dewey Decimal Classification     SGT Science & Social Sciences Library SGT Science & Social Sciences Library 30/05/2016 SGTU 11 4.6 COM CM1620 26/11/2018   FCM Books Text Book KIRTI PRKASHAN 709.00 4000 14/11/2018
    Dewey Decimal Classification     SGT Science & Social Sciences Library SGT Science & Social Sciences Library 30/05/2016 SGTU 11 4.6 COM CM1621 15/06/2019   FCM Books Text Book KIRTI PRKASHAN 709.00 4000 31/08/2018